|
|
|
|
| LEADER |
00731nam a2200217 a 4500 |
| 001 |
c000090916 |
| 003 |
CARM |
| 005 |
00000000000000.0 |
| 008 |
930712s1968 enk 00011 eng d |
| 019 |
1 |
|
|a 10200510
|5 LACONCORD2021
|
| 020 |
|
|
|a 0709104162
|
| 035 |
|
|
|a (OCoLC)221578355
|5 LACONCORD2021
|
| 040 |
|
|
|a VLINC
|c VLINC
|
| 100 |
1 |
|
|a Croudace, Glynn.
|
| 245 |
1 |
4 |
|a The black rose /
|c Glynn Croudace.
|
| 260 |
|
|
|a London :
|b Hale,
|c 1968.
|
| 300 |
|
|
|a 190 p. ;
|c 20 cm.
|
| 852 |
8 |
|
|b CARM
|h A2:AB35A0
|i B02692
|p 0119513
|f BK
|
| 082 |
0 |
4 |
|a 813.54
|2 20
|
| 999 |
f |
f |
|i d5e5e274-99fc-5282-b215-ed22e43c33ea
|s 04af2c55-3eb7-5507-84ab-b79627d14bfc
|
| 952 |
f |
f |
|p Can circulate
|a CAVAL
|b CAVAL
|c CAVAL
|d CARM 1 Store
|e B02692
|f A2:AB35A0
|h Other scheme
|i book
|m 0119513
|